000 00822nam a2200241 i 4500
001 bg
245 0 0 _aDams and development :
_ba new framework for decision-making : the report of the World Commission on Dams.
260 _aLondon :
_bEarthscan,
_c2000.
300 _a404 s. :
_bil. ;
_c30 cm.
504 _aBibliogr.
650 9 _aZbiorniki wodne
_xzagadnienia
650 9 _aZbiorniki wodne
_xwpływ na środowisko
650 9 _aZbiorniki wodne
_xekologia
710 0 _aWorld Commission on Dams
020 _a1853837989
040 _cBPK
041 0 _aen
080 _a504.4:574.5
920 _a1-85383-798-9
942 _cKS
008 s pl f |000 0 pol
999 _c41813
_d41813
856 _uhttp://koha.tu.koszalin.pl/cgi-bin/koha/opac-detail.pl?biblionumber=41813
_yKatalog online BPK